[Event "HCL-C161"]
[Site "www.playchess.de"]
[Date "2001.02.02"]
[Round "2"]
[White "Translightor"]
[Black "Buziness"]
[WhiteElo "1280"]
[BlackElo "1000"]
[PlyCount "61"]
[Result "1-0"]

1.e4 {Hello again!}  e6 2.d4 d5 3.Nd2 Nf6 4.e5 Ne4 
5.Nxe4 dxe4 6.c3 Na6 7.b4 b6 8.Bxa6 Bxa6 9.Qa4+ c6 
10.Qxa6 Qh4 11.Qb7 Qd8 12.Qxc6+ Ke7 13.b5 f6 
14.exf6+ gxf6 15.Qxe4 Qc8 16.Ne2 Bg7 17.O-O f5 
18.Qh4+ Bf6 19.Bg5 Rf8 20.Qxh7+ Rf7 21.Bxf6+ Kxf6 
22.Qh4+ Kg7 23.Rfd1 Qc7 24.Rd3 Rh8 25.Rg3+ Qxg3 
26.Qxg3+ Kf6 27.Qe5+ Kg5 28.Qxh8 Re7 29.h4+ Kg4 
30.Qh6 Rc7 31.Qg5+ 1-0

[Event "HCL-B155"]
[Site "www.playchess.de"]
[Date "2001.02.02"]
[Round "6"]
[White "Westqualmer"]
[Black "DepthCharge"]
[WhiteElo "1200"]
[BlackElo "1508"]
[PlyCount "33"]
[Result "1-0"]

1.e4 e6 {Hi. Greetings from Toronto, Canada. :)}  
2.d4 {hi from germany}  d5 3.Nc3 c5 4.exd5 exd5 
{Do you like ice hockey?}  5.dxc5 {no sorry. my 
english isn't very good}  Nf6 {That's ok, I can't 
speak German.}  6.Be3 Nc6 7.Nf3 Bg4 8.Be2 Be7 
9.O-O Bxf3 10.Bxf3 b6 11.cxb6 axb6 12.Nxd5 Nxd5 
13.Bxd5 Qc7 14.Qf3 Ne5 15.Bxf7+ Kd7 16.Qd5+ Bd6 
17.Be6+ 1-0

[Event "HCL-B155"]
[Site "www.playchess.de"]
[Date "2001.02.02"]
[Round "10"]
[White "DepthCharge"]
[Black "Gruhni"]
[WhiteElo "1508"]
[BlackElo "1376"]
[PlyCount "29"]
[Result "1-0"]

1.e4 e5 2.Nf3 Nc6 3.d4 exd4 4.Nxd4 Bc5 5.Nxc6 bxc6 
6.Nc3 d6 7.Bc4 Nf6 8.Bg5 h6 9.Bh4 g5 10.Bg3 Nh5 
11.Qxh5 Qe7 {What a stupid move from me :( I miss 
the queen.}  12.O-O {Well, we all make mistakes.}  
Be6 13.Nd5 cxd5 14.exd5 Bf5 15.Rfe1 1-0

[Event "HCL-C167"]
[Site "www.playchess.de"]
[Date "2001.02.02"]
[Round "2"]
[White "Player"]
[Black "smsemb"]
[WhiteElo "1585"]
[BlackElo "1467"]
[PlyCount "25"]
[Result "1/2-1/2"]

1.e4 Nf6 2.e5 Nd5 3.d4 d6 4.c4 Nb6 5.exd6 cxd6 
6.Nf3 g6 7.Be2 Bg7 8.h3 O-O 9.O-O Nc6 10.Nc3 Bf5 
11.Bg5 h6 12.Be3 d5 13.c5 1/2-1/2

[Event "HCL-C037"]
[Site "www.playchess.de"]
[Date "2001.02.02"]
[Round "1"]
[White "millingen"]
[Black "zarconeus"]
[WhiteElo "1249"]
[BlackElo "1200"]
[PlyCount "52"]
[Result "0-1"]

1.d4 d5 2.c4 e6 3.Nf3 Nf6 4.Nc3 c6 5.e3 Nbd7 
6.cxd5 exd5 7.Bd3 Bd6 8.Qc2 O-O 9.O-O Re8 10.a4 
Nf8 11.h3 a5 12.Ne2 Ne4 13.Bxe4 Rxe4 14.Ng3 Bxg3 
15.fxg3 Qd6 16.Qf2 Re6 17.e4 dxe4 18.Ne5 f6 19.Nc4 
Qb4 20.Ne5 Nd7 21.Ng4 Nb6 22.Bg5 h5 23.Nxf6+ gxf6 
24.Bxf6 Nd5 25.Be5 Qe7 26.Qe2 Qg5 0-1

[Event "HCL-C037"]
[Site "www.playchess.de"]
[Date "2001.02.02"]
[Round "4"]
[White "millingen"]
[Black "Spiridonas"]
[WhiteElo "1249"]
[BlackElo "1623"]
[PlyCount "64"]
[Result "0-1"]

1.e4 e5 2.Nf3 Nc6 3.Bb5 a6 4.Ba4 Bc5 5.c3 b5 6.Bc2 
d6 7.d4 Ba7 8.dxe5 Nxe5 9.Ng5 Ng4 10.O-O Be3 
11.Bxe3 Nxe3 12.fxe3 Qxg5 13.Qd5 Qxd5 14.exd5 Nf6 
15.e4 Ng4 16.Rf3 Ne5 17.Rg3 O-O 18.Nd2 f5 19.exf5 
Bxf5 20.Bxf5 Rxf5 21.a4 Nc4 22.Nf3 bxa4 23.Rxa4 
Nxb2 24.Rb4 Nd1 25.c4 Nc3 26.Nd4 Rf4 27.Rxg7+ Kh8 
28.Rg3 Rxd4 29.Rxc3 Rd1+ 30.Kf2 Rd2+ 31.Kg1 Rd1+ 
32.Kf2 Rf8+ 0-1

[Event "HCL-C127"]
[Site "www.playchess.de"]
[Date "2001.02.02"]
[Round "1"]
[White "Philipp"]
[Black "winawer"]
[WhiteElo "1000"]
[BlackElo "553"]
[PlyCount "23"]
[Result "1-0"]

1.e4 e5 2.Nc3 Nc6 3.Nf3 Nf6 4.d4 exd4 5.a4 dxc3 
6.e5 Ng4 7.bxc3 Bc5 8.Bg5 Bxf2+ 9.Ke2 f6 10.Bf4 
Qe7 11.Ra2 fxe5 12.Bxe5 1-0

[Event "HCL-C127"]
[Site "www.playchess.de"]
[Date "2001.02.02"]
[Round "2"]
[White "katrina"]
[Black "Philipp"]
[WhiteElo "978"]
[BlackElo "1000"]
[PlyCount "41"]
[Result "1-0"]

1.d4 d5 2.c4 dxc4 3.Nf3 b5 4.e4 Nf6 5.Nc3 a6 6.Bg5 
h6 7.Bh4 g5 8.Bg3 g4 9.Ne5 Ra7 10.d5 h5 11.Bh4 e6 
12.Qd4 Qe7 13.Qxa7 Qd8 14.O-O-O Bd7 15.Nc6 Nxc6 
16.dxc6 Bxc6 17.Rxd8+ Kxd8 18.Bxf6+ Be7 19.Qb8+ 
Kd7 20.Qxh8 Bd6 21.Qd8+ 1-0

[Event "HCL-C127"]
[Site "www.playchess.de"]
[Date "2001.02.02"]
[Round "3"]
[White "winawer"]
[Black "katrina"]
[WhiteElo "553"]
[BlackElo "978"]
[PlyCount "36"]
[Result "0-1"]

1.e4 e5 2.Nf3 Nc6 3.Bb5 a6 4.Ba4 Nf6 5.O-O b5 
6.Bb3 Bb7 7.d3 Bc5 8.Re1 O-O 9.c3 Na5 10.Bxf7+ 
Rxf7 11.b4 Bxf2+ 12.Kxf2 Nc6 13.Bg5 Qf8 14.Nbd2 d5 
15.exd5 Ne7 16.Nxe5 Ne4+ 17.Kg1 Nf2 18.Nxf7 
Nxd1 0-1

[Event "HCL-A055"]
[Site "www.playchess.de"]
[Date "2001.02.03"]
[Round "5"]
[White "Machiavelli_________"]
[Black "hominoid"]
[WhiteElo "1734"]
[BlackElo "1600"]
[PlyCount "85"]
[Result "1-0"]

1.d4 c5 2.d5 e6 3.c4 Nf6 4.Nc3 d6 5.e4 exd5 6.cxd5 
Be7 7.f4 O-O 8.Nf3 Nbd7 9.Bd3 a6 10.a4 Nb6 11.O-O 
Kh8 12.a5 Nbd7 13.e5 Ne8 14.Qc2 b6 15.e6 Nb8 
16.exf7 Rxf7 17.axb6 Qxb6 18.Bxh7 Bg4 19.Bg6 Rf8 
20.Re1 Qd8 21.Qe4 Ra7 22.Ng5 Bf6 23.Bxe8 Bf5 
24.Qe2 Re7 25.Qh5+ Kg8 26.Rxe7 Qxe7 27.Bf7+ Rxf7 
28.Qxf7+ Qxf7 29.Nxf7 Kxf7 30.Be3 Bd8 31.h3 a5 
32.g4 Bd3 33.Rd1 Bc4 34.Ne4 Be7 35.f5 a4 36.Bf4 
Bb3 37.Rd2 Na6 38.Nxd6+ Kf8 39.Ne4 Nb4 40.d6 Bd8 
41.Nxc5 Nd5 42.Bg3 Kf7 43.Nxb3 1-0

[Event "HCL-A058"]
[Site "www.playchess.de"]
[Date "2001.02.03"]
[Round "17"]
[White "aldi"]
[Black "Flash_Force"]
[WhiteElo "2231"]
[BlackElo "1507"]
[PlyCount "38"]
[Result "0-1"]

1.d4 f5 2.c4 Nf6 3.Nc3 e6 4.e3 Bb4 5.Bd2 b6 6.Nf3 
Bb7 7.Bd3 O-O 8.O-O Bxc3 9.Bxc3 Ne4 10.Bxe4 fxe4 
11.Nd2 Qg5 12.Qc2 Qg4 13.b4 Rf6 14.h3 Qh4 15.d5 
Rg6 16.Nxe4 exd5 17.cxd5 Bxd5 18.Ng3 Nc6 19.Nf5 
Rxg2+ {oops!}  0-1

[Event "HCL-B070"]
[Site "www.playchess.de"]
[Date "2001.02.03"]
[Round "21"]
[White "chessape"]
[Black "lostpawn2000"]
[WhiteElo "1314"]
[BlackElo "1767"]
[PlyCount "40"]
[Result "0-1"]

1.d4 Nf6 2.Bg5 Ne4 3.Bh4 g5 4.f3 gxh4 5.fxe4 Bg7 
6.Nf3 e6 7.e3 Rg8 8.Nc3 c6 9.Bd3 Bh6 10.Qe2 d5 
11.Rf1 Nd7 12.Qf2 Rg6 13.exd5 Rg7 14.dxe6 fxe6 
15.Ne4 Qc7 16.Qxh4 Bxe3 17.Qh3 Nf8 18.c3 e5 
19.Qh5+ Ng6 20.Nxe5 Be6 0-1

[Event "HCL-B119"]
[Site "www.playchess.de"]
[Date "2001.02.03"]
[Round "17"]
[White "Taher"]
[Black "jackdyn"]
[WhiteElo "1551"]
[BlackElo "1200"]
[PlyCount "40"]
[Result "0-1"]

1.d4 d5 2.c4 dxc4 3.e4 e5 4.d5 b5 5.a4 Nf6 6.Bg5 
c6 7.axb5 cxb5 8.b3 Bb4+ 9.Bd2 Bc5 10.Qe2 cxb3 
11.Qxb5+ Nbd7 12.Qxb3 Nxe4 13.Be3 Rb8 14.Qd3 Bb4+ 
15.Nd2 Ndc5 16.Qc2 Bf5 17.Qa2 Bxd2+ 18.Bxd2 Nxd2 
19.Qxd2 Nb3 20.Qb2 Nxa1 0-1

[Event "HCL-B128"]
[Site "www.playchess.de"]
[Date "2001.02.03"]
[Round "1"]
[White "the_king"]
[Black "Yogibear"]
[WhiteElo "922"]
[BlackElo "1866"]
[PlyCount "50"]
[Result "0-1"]

1.c4 c6 2.a3 g6 3.Nc3 Bg7 4.Nf3 d5 5.cxd5 cxd5 
6.g3 d4 7.Na4 e5 8.Bg2 e4 9.Nh4 g5 10.Nc5 Nf6 
11.Nxe4 gxh4 12.gxh4 Nxe4 13.Bxe4 Qxh4 14.d3 Nc6 
15.Qc2 Bd7 16.Bd2 Rc8 17.Bf4 Qxf4 18.b4 Nxb4 
19.Qb2 Nc2+ 20.Kf1 Nxa1 21.Qxa1 Rc1+ 22.Qxc1 Qxc1+ 
23.Kg2 Qg5+ 24.Kf1 Bh3+ 25.Ke1 
Qc1+ 0-1

[Event "HCL-B132"]
[Site "www.playchess.de"]
[Date "2001.02.03"]
[Round "6"]
[White "Franky"]
[Black "esquire99"]
[WhiteElo "1200"]
[BlackElo "1400"]
[PlyCount "29"]
[Result "1-0"]

1.d4 d5 2.Nf3 Bf5 3.c4 e6 4.e3 Nd7 5.Qb3 Rb8 
6.cxd5 exd5 7.Qxd5 Bb4+ 8.Bd2 Be6 9.Qg5 Bxd2+ 
10.Nbxd2 Qxg5 11.Nxg5 Ngf6 12.Nxe6 fxe6 13.Rc1 c6 
14.f4 O-O 15.Bc4 1-0

[Event "HCL-B132"]
[Site "www.playchess.de"]
[Date "2001.02.03"]
[Round "9"]
[White "nice"]
[Black "Franky"]
[WhiteElo "1500"]
[BlackElo "1200"]
[PlyCount "30"]
[Result "0-1"]

1.e4 c5 2.Nf3 d6 3.Nc3 Nc6 4.d4 cxd4 5.Nxd4 Nf6 
6.Nxc6 bxc6 7.Be2 e5 8.O-O Be7 9.f4 Qc7 10.fxe5 
dxe5 11.Qe1 O-O 12.Qg3 Rb8 13.a3 Kh8 14.b4 Be6 
15.Ba6 Qb6+ 0-1

[Event "HCL-B139"]
[Site "www.playchess.de"]
[Date "2001.02.03"]
[Round "10"]
[White "Arn"]
[Black "Stephen21"]
[WhiteElo "1098"]
[BlackElo "1216"]
[PlyCount "91"]
[Result "1-0"]

1.d4 d5 2.c4 b6 3.Nc3 e6 4.Nf3 Bb4 5.Bd2 Ba6 
6.Qa4+ Qd7 7.Qxb4 Bxc4 8.Ne5 Qd8 9.Nxc4 dxc4 
10.Qxc4 Ne7 11.Nb5 Nd5 12.Qa4 O-O 13.g3 c6 14.Nc3 
Nxc3 15.Bxc3 b5 16.Qc2 Na6 17.Bg2 Rc8 18.e4 c5 
19.d5 Nb4 20.Bxb4 cxb4 21.Qe2 exd5 22.exd5 Qd7 
23.O-O a5 24.b3 Rce8 25.Qd2 Re5 26.a3 Rfe8 27.axb4 
a4 28.bxa4 bxa4 29.Rfb1 R5e2 30.Qd3 Qa7 31.Rbf1 g6 
32.d6 Rd8 33.Qxe2 Rxd6 34.Qe8+ Kg7 35.Qe5+ Rf6 
36.Rad1 Qa6 37.b5 Qa5 38.Rd6 a3 39.Qxf6+ Kh6 40.b6 
a2 41.Ra1 Kh5 {nieuw potje?}  42.Bf3+ Kh6 43.b7 
Qc7 44.Rxa2 Qxb7 45.Bxb7 Kh5 46.Qh4+ 1-0

[Event "HCL-B145"]
[Site "www.playchess.de"]
[Date "2001.02.03"]
[Round "4"]
[White "Goldhair"]
[Black "knkoni"]
[WhiteElo "1200"]
[BlackElo "1200"]
[PlyCount "57"]
[Result "1/2-1/2"]

1.e4 Nf6 2.e5 Nd5 3.d4 d6 4.c4 Nb6 5.f4 dxe5 
6.fxe5 Nc6 7.Be3 Bf5 8.Nc3 e6 9.Nf3 Be7 10.d5 exd5 
11.cxd5 Nb4 12.Nd4 Bd7 13.e6 fxe6 14.dxe6 Bc6 
15.Qg4 Bh4+ 16.g3 Bxh1 17.O-O-O Qf6 18.gxh4 O-O 
19.Bb5 Qe5 20.Bh6 c5 21.Rg1 g6 22.Bxf8 Qe3+ 23.Kb1 
Rxf8 24.Rxh1 cxd4 25.e7 Qxe7 26.Qxd4 Rd8 27.Bc4+ 
Nxc4 28.Qxc4+ Kh8 29.Rf1 1/2-1/2

[Event "HCL-C112"]
[Site "www.playchess.de"]
[Date "2001.02.03"]
[Round "30"]
[White "orange"]
[Black "Michael_Schenk"]
[WhiteElo "853"]
[BlackElo "1101"]
[PlyCount "76"]
[Result "0-1"]

1.e4 e5 2.Nf3 Nc6 3.d4 exd4 4.Nxd4 Nf6 5.Nc3 Bb4 
6.Bd2 Nxd4 7.Nd5 Bxd2+ 8.Qxd2 Nc6 9.Nc3 a6 10.Qg5 
O-O 11.Bc4 d6 12.O-O-O Be6 13.Bd5 Re8 14.Qe3 Re7 
15.f3 Rb8 16.g4 Qd7 17.h3 b6 18.Qd3 b5 19.g5 Nxd5 
20.Nxd5 Bxd5 21.Qxd5 Nb4 22.Qb3 c5 23.h4 Nc6 
24.Rh2 Nd4 25.Qe3 b4 26.h5 Re6 27.Qf4 Rbe8 28.Re1 
d5 29.Rhh1 f6 30.g6 h6 31.Qg4 R8e7 32.c3 bxc3 
33.bxc3 Nc6 34.Qh3 Qd6 35.Kd2 dxe4+ 36.Kc2 {oh 
shit (schissie) :-( the begining of the end.}  
Qd3+ {It looks like ;-)}  37.Kb2 Rb7+ 38.Ka1 
{thanks for the game.}  Qxc3+ 0-1

[Event "HCL-C126"]
[Site "www.playchess.de"]
[Date "2001.02.03"]
[Round "6"]
[White "Coney"]
[Black "dnemir"]
[WhiteElo "1061"]
[BlackElo "1000"]
[PlyCount "41"]
[Result "1-0"]

1.e4 g6 2.d4 Nf6 3.Nc3 Bg7 4.e5 Ng4 5.Qxg4 e6 
6.Bg5 f6 7.exf6 Bxf6 8.Bxf6 Qxf6 9.O-O-O O-O 
10.Nh3 Nc6 11.Bb5 Qf5 12.Qxf5 exf5 13.Rhe1 Na5 
14.Nf4 c6 15.Bd3 b5 16.d5 g5 17.dxc6 Nxc6 18.Nfd5 
Bb7 19.Ne7+ Nxe7 20.Rxe7 b4 21.Bc4+ 1-0

[Event "HCL-C126"]
[Site "www.playchess.de"]
[Date "2001.02.03"]
[Round "10"]
[White "dnemir"]
[Black "king"]
[WhiteElo "1000"]
[BlackElo "1000"]
[PlyCount "57"]
[Result "1-0"]

1.e4 e5 2.Nf3 Nf6 3.b3 Nc6 4.Nc3 Bc5 5.Bc4 Bd4 
6.Nxd4 exd4 7.Nd5 Nxe4 8.Qe2 f5 9.d3 O-O 10.dxe4 
Qe8 11.O-O Qxe4 12.Qxe4 fxe4 13.Nxc7+ Kh8 14.Nxa8 
Nb4 15.Bd3 exd3 16.cxd3 Nxd3 17.f3 b6 18.Nc7 a5 
19.Bd2 Nf4 20.Bxf4 Rxf4 21.Nd5 d3 22.Nxf4 d6 
23.Rae1 g5 24.Re8+ Kg7 25.Rxc8 gxf4 26.Rc6 b5 
27.Rxd6 a4 28.Re1 h5 29.Rd1 1-0

[Event "HCL-C126"]
[Site "www.playchess.de"]
[Date "2001.02.03"]
[Round "14"]
[White "Alcoholic"]
[Black "dnemir"]
[WhiteElo "1475"]
[BlackElo "1000"]
[PlyCount "49"]
[Result "1-0"]

1.e4 g6 2.d4 b6 3.Nf3 Bb7 4.Nc3 Nf6 5.Bd3 Nc6 6.e5 
Ng8 7.d5 Nb4 8.Be2 c6 9.d6 c5 10.a3 Nc6 11.Nb5 
exd6 12.Nxd6+ Bxd6 13.Qxd6 Qe7 14.Qc7 d6 15.exd6 
Qxc7 16.dxc7 Nge7 17.Bc4 O-O 18.Bf4 Nd4 19.Nxd4 
cxd4 20.O-O-O Nf5 21.Rhg1 Rae8 22.Bd3 Be4 23.c8Q 
Rexc8 24.Bxe4 Rcd8 25.Bxf5 1-0

[Event "HCL-C126"]
[Site "www.playchess.de"]
[Date "2001.02.03"]
[Round "19"]
[White "dnemir"]
[Black "pandatrax"]
[WhiteElo "1000"]
[BlackElo "997"]
[PlyCount "31"]
[Result "1-0"]

1.e4 e5 2.Nf3 Nc6 3.Be2 Bc5 4.O-O Nf6 5.Nc3 d6 
6.d3 O-O 7.Bg5 h6 8.Bxf6 Qxf6 9.Nd5 Qd8 10.c4 Nb4 
11.Nxb4 Bxb4 12.d4 exd4 13.Nxd4 Bf5 14.Nxf5 Qf6 
15.Qd4 Qxd4 16.Nxd4 1-0

[Event "HCL-C136"]
[Site "www.playchess.de"]
[Date "2001.02.03"]
[Round "1"]
[White "Flay"]
[Black "Grisu"]
[WhiteElo "1400"]
[BlackElo "754"]
[PlyCount "43"]
[Result "1-0"]

1.e4 Nf6 2.e5 Nd5 3.d4 e6 4.Nf3 b5 5.Bxb5 c6 6.Bc4 
g6 7.O-O Ba6 8.Bxa6 Nxa6 9.c4 Ne7 10.Nc3 Nf5 11.d5 
cxd5 12.cxd5 Qa5 13.dxe6 fxe6 14.Ne4 Nc5 15.Nf6+ 
Kd8 16.a3 h5 17.b4 Qc7 18.bxc5 Rb8 19.Ng5 Nh6 
20.Nxe6+ Kc8 {i think it looks very bad for me...} 
 21.Nxc7 {Yes, I got a fine fork with my night}  
Kxc7 22.Qxd7+ 1-0

[Event "HCL-C150"]
[Site "www.playchess.de"]
[Date "2001.02.03"]
[Round "13"]
[White "WindsorStar"]
[Black "uneek"]
[WhiteElo "1000"]
[BlackElo "1212"]
[PlyCount "34"]
[Result "0-1"]

1.d4 Nf6 2.h3 d5 3.f3 Bf5 4.Bg5 e6 5.Bxf6 Qxf6 
6.g4 Bg6 7.Nc3 Qh4+ 8.Kd2 Be7 9.e3 c5 10.Bb5+ Nd7 
11.Bxd7+ Kxd7 12.dxc5 Bxc5 13.a3 Qf2+ 14.Nce2 
Qxe3+ 15.Ke1 b6 16.c3 Qf2+ {Stopped the "windmill" 
on your b2 pawn but loses the game...}  17.Kd2 
Be3+ {Thanks for the game. not to be mean spirited 
but a good book on opening principals would help.  
:)}  0-1

[Event "HCL-E011"]
[Site "www.playchess.de"]
[Date "2001.02.03"]
[Round "19"]
[White "senna"]
[Black "kingup"]
[WhiteElo "2019"]
[BlackElo "2000"]
[PlyCount "37"]
[Result "1-0"]

1.e4 c6 2.d4 d5 3.exd5 cxd5 4.c4 Nf6 5.Nc3 e6 
6.Nf3 Be7 7.cxd5 Nxd5 8.Bc4 Nc6 9.O-O O-O 10.Be3 
Re8 11.Rc1 Bf6 12.Re1 Nxe3 13.fxe3 e5 14.d5 e4 
15.dxc6 Qxd1 16.Rcxd1 Bxc3 17.cxb7 Bxb7 18.bxc3 
exf3 19.Rd7 1-0

[Event "HCL-E013"]
[Site "www.playchess.de"]
[Date "2001.02.03"]
[Round "11"]
[White "Aspidazzo"]
[Black "ARMAGEDON_8"]
[WhiteElo "1822"]
[BlackElo "2142"]
[PlyCount "20"]
[Result "0-1"]

1.c4 Nf6 2.Nc3 g6 3.g3 Bg7 4.Bg2 O-O 5.Nf3 d6 6.d4 
Nbd7 7.O-O e5 8.e4 c6 9.dxe5 dxe5 10.h3 
Qb6 0-1

[Event "HCL-E016"]
[Site "www.playchess.de"]
[Date "2001.02.03"]
[Round "2"]
[White "Robby"]
[Black "DKCozy"]
[WhiteElo "2000"]
[BlackElo "1751"]
[PlyCount "53"]
[Result "1-0"]

1.f4 e5 2.e4 d5 3.exd5 Nf6 4.fxe5 Nxd5 5.Nf3 Bg4 
6.d4 Be7 7.Be2 O-O 8.O-O c5 9.c4 Nb6 10.d5 N8d7 
11.d6 Bh4 12.Nxh4 Bxe2 13.Qxe2 Qxh4 14.Rf4 Qg5 
15.e6 Nf6 16.e7 Rfe8 17.Nc3 Qg6 18.Nb5 Rac8 19.Nc7 
Nfd7 20.Nxe8 Rxe8 21.Re4 Qxd6 22.Bf4 Qf6 23.Rd1 h6 
24.Rd6 Qf5 25.Bxh6 Nf6 26.Rf4 Qg6 
27.Rdxf6 1-0

[Event "ACL-A041"]
[Site "www.playchess.de"]
[Date "2001.02.03"]
[Round "17"]
[White "sazex"]
[Black "JayKay"]
[WhiteElo "1781"]
[BlackElo "1500"]
[PlyCount "100"]
[Result "1/2-1/2"]

1.e4 e5 2.Nf3 Nc6 3.Bb5 Nf6 4.O-O Nxe4 5.d4 a6 
6.Bxc6 dxc6 7.Re1 Bf5 8.Qd3 Be7 9.Rxe4 Bxe4 
10.Qxe4 exd4 11.Bg5 f6 12.Bd2 Qd5 13.Qxd4 Bc5 
14.Qg4 O-O 15.Nc3 Qf7 16.Qf5 Bb4 17.a3 Bxc3 
18.Bxc3 Rad8 19.Re1 Rfe8 20.h3 Rxe1+ 21.Nxe1 b6 
22.Nf3 c5 23.Kh2 Qe7 24.h4 Qd6+ 25.Kh3 Re8 26.Nd2 
Qe6 27.Qxe6+ Rxe6 28.Kg3 Kf7 29.h5 Re1 30.Nc4 Rh1 
31.Kg4 Ke6 32.f3 Rf1 33.Ne3 Ra1 34.Kf4 Rh1 35.g4 
Rh2 36.Ke4 g6 37.hxg6 hxg6 38.f4 c6 39.f5+ Kf7 
40.Nc4 gxf5+ 41.Kxf5 Rf2+ 42.Ke4 b5 43.Nd2 c4 
44.b3 Re2+ 45.Kf3 Rh2 46.Kf4 Rf2+ 47.Kg3 Re2 
48.Kf3 Rh2 49.Kf4 Rf2+ 50.Kg3 Re2 {How much we 
must go ahead with this game?I believe that nobody 
gains this game.}  1/2-1/2

[Event "ACL-A042"]
[Site "www.playchess.de"]
[Date "2001.02.03"]
[Round "3"]
[White "rafita"]
[Black "Stema"]
[WhiteElo "1500"]
[BlackElo "1500"]
[PlyCount "109"]
[Result "1/2-1/2"]

1.e4 e5 2.Nf3 Nc6 3.Bc4 Nf6 4.d4 exd4 5.e5 Ng4 
6.Bxf7+ Kxf7 7.Ng5+ Kg8 8.Qxg4 Qe8 9.f4 Be7 10.O-O 
d6 11.Qg3 Bxg5 12.Qxg5 dxe5 13.fxe5 Qxe5 14.Qxe5 
Nxe5 15.Bf4 Ng4 16.Bxc7 Ne3 17.Rf2 Be6 18.Na3 Rc8 
19.Be5 Ng4 20.Re2 Nxe5 21.Rxe5 Bd7 22.Rd1 Kf7 
23.Rxd4 Rhd8 24.Nc4 Kf8 25.Rf4+ Kg8 26.Re7 Bc6 
27.Ne3 Rd7 28.Rxd7 Bxd7 29.Kf2 b5 30.Ke2 g5 31.Rd4 
Bc6 32.g3 Kf7 33.c3 Ke6 34.Kd3 Rf8 35.Kc2 Rf3 
36.Nd1 h6 37.Kd2 Rf1 38.Ke2 Rh1 39.h4 Rg1 40.hxg5 
hxg5 41.g4 Rg3 42.Ne3 Rh3 43.Kd2 Rh2+ 44.Kc1 Ke5 
45.a4 a6 46.axb5 axb5 47.Nf5 Rh1+ 48.Kc2 Rh7 
49.Kb3 Bf3 50.Ne3 Rh2 51.Rb4 Be2 52.Ka3 Rh1 53.Rd4 
Rh3 54.Nc2 Rh1 55.Ne3 1/2-1/2

[Event "ACL-A048"]
[Site "www.playchess.de"]
[Date "2001.02.03"]
[Round "20"]
[White "surftimm"]
[Black "Robama"]
[WhiteElo "1500"]
[BlackElo "1499"]
[PlyCount "23"]
[Result "1-0"]

1.b4 e6 2.Bb2 Nc6 3.b5 Na5 4.e3 Nc4 5.d3 Nxb2 
6.Qh5 Nf6 7.Qf3 d5 8.e4 dxe4 9.dxe4 Bb4+ 10.Nc3 
Qd4 11.Nge2 Qe5 12.Rb1 1-0

[Event "ACL-A070"]
[Site "www.playchess.de"]
[Date "2001.02.03"]
[Round "20"]
[White "DaveM"]
[Black "Habi"]
[WhiteElo "1500"]
[BlackElo "1500"]
[PlyCount "40"]
[Result "1/2-1/2"]

1.e4 c5 2.Nf3 d6 3.d4 cxd4 4.Nxd4 Nf6 5.Nc3 g6 
6.f3 Bg7 7.Be3 O-O 8.Qd2 Nc6 9.g4 Bxg4 10.fxg4 
Nxg4 11.Nxc6 bxc6 12.Bc4 d5 13.exd5 Nxe3 14.Qxe3 
e6 15.O-O-O cxd5 16.Kb1 Qf6 17.Rhf1 Qe5 18.Qxe5 
Bxe5 19.Nxd5 exd5 20.Rxd5 Rac8 1/2-1/2

[Event "ACL-A070"]
[Site "www.playchess.de"]
[Date "2001.02.03"]
[Round "23"]
[White "peze2"]
[Black "dom"]
[WhiteElo "1986"]
[BlackElo "1500"]
[PlyCount "29"]
[Result "1-0"]

1.e4 e5 2.f4 exf4 3.Nf3 d5 4.exd5 Qxd5 5.Nc3 Qd8 
6.Qe2+ Be6 7.Qb5+ Bd7 8.Qxb7 Bc6 9.Bb5 Qe7+ 10.Kd1 
Bxb5 11.Nxb5 Kd8 12.Qxa8 Qc5 13.Qxb8+ Kd7 14.Re1 
Nf6 15.Ne5+ 1-0

[Event "HCL-B150"]
[Site "www.playchess.de"]
[Date "2001.02.03"]
[Round "16"]
[White "warlock"]
[Black "Fabian"]
[WhiteElo "1200"]
[BlackElo "1200"]
[PlyCount "41"]
[Result "1-0"]

1.e4 e6 {Hello and good luck!!}  2.d4 d5 3.Nd2 Nf6 
4.e5 Nfd7 5.Ngf3 c5 6.c3 Nc6 7.Nb3 Qb6 8.dxc5 Nxc5 
9.Nxc5 Bxc5 10.Qd2 Nb8 11.b4 Be7 12.Bd3 Nd7 13.O-O 
f6 14.Re1 fxe5 15.Nxe5 Nf6 16.Qe2 O-O 17.Be3 Qc7 
18.Bd4 b6 19.Rac1 Bb7 20.Nf3 Bd6 
21.Qxe6+ 1-0

[Event "HCL-C167"]
[Site "www.playchess.de"]
[Date "2001.02.03"]
[Round "6"]
[White "Player"]
[Black "dg"]
[WhiteElo "1585"]
[BlackElo "1114"]
[PlyCount "39"]
[Result "1-0"]

1.d4 d5 2.c4 Nf6 3.Nc3 e6 4.g3 b6 5.Bg2 Bb7 6.Nf3 
Na6 7.Ne5 Bd6 8.Qa4+ Ke7 9.cxd5 Bxe5 10.d6+ Bxd6 
11.Bxb7 Nb4 12.Bxa8 Qxa8 13.O-O Nd7 14.Nb5 Nd5 
15.Nxa7 Kf8 16.Qxd7 g6 17.Bh6+ Kg8 18.Nc6 Nf6 
19.Qxd6 Ng4 20.Ne7+ 1-0

[Event "HCL-B084"]
[Site "www.playchess.de"]
[Date "2001.02.03"]
[Round "1"]
[White "dogman"]
[Black "CJL"]
[WhiteElo "1300"]
[BlackElo "1200"]
[PlyCount "22"]
[Result "0-1"]

1.e4 e5 2.Nf3 Nf6 3.Nc3 Nc6 4.d4 exd4 5.Nxd4 Bb4 
6.a3 Bxc3+ 7.bxc3 Nxe4 8.Qe2 O-O 9.Nxc6 bxc6 
10.Qg4 Re8 11.Bh6 Nf6+ 0-1

[Event "HCL-B084"]
[Site "www.playchess.de"]
[Date "2001.02.03"]
[Round "3"]
[White "CJL"]
[Black "Mathemagician"]
[WhiteElo "1200"]
[BlackElo "1400"]
[PlyCount "58"]
[Result "0-1"]

1.e4 c5 2.Nf3 d6 3.d4 cxd4 4.Nxd4 Nf6 5.Nc3 g6 
6.Be3 Bg7 7.f3 O-O 8.Qd2 Nc6 9.O-O-O Bd7 10.g4 
Nxd4 11.Bxd4 Qa5 12.h4 b6 13.h5 Rac8 14.a3 h6 
15.g5 Qxg5 16.Be3 Qg3 17.Bxh6 Nxh5 18.Bxg7 Kxg7 
19.Be2 Qf4 20.Nd5 Qxd2+ 21.Rxd2 Ng3 22.Rg1 Nxe2+ 
23.Rxe2 Rfe8 24.Reg2 Bc6 25.Nf4 Reh8 26.Nxg6 fxg6 
27.R2xg6+ Kf8 28.Kd2 Rh2+ 29.Ke3 
Be8 0-1

[Event "HCL-B084"]
[Site "www.playchess.de"]
[Date "2001.02.03"]
[Round "4"]
[White "dogman"]
[Black "Spiridonas"]
[WhiteElo "1300"]
[BlackElo "1610"]
[PlyCount "48"]
[Result "0-1"]

1.e4 e5 2.Nf3 Nc6 3.d4 exd4 4.Nxd4 Qh4 5.Nc3 Bb4 
6.Qd3 Nf6 7.g3 Qxe4+ 8.Qxe4+ Nxe4 9.Ndb5 Kd8 10.a3 
Re8 11.Be2 Bxc3+ 12.Nxc3 Nd4 13.O-O Nxc3 14.bxc3 
Nxe2+ 15.Kg2 f6 16.Be3 Nxc3 17.a4 b6 18.a5 Bb7+ 
19.Kh3 b5 20.Bd4 Ne4 21.Rfb1 Ng5+ 22.Kg4 Bf3+ 
23.Kf5 Re4 24.Be3 Bg4+ 0-1

[Event "HCL-B084"]
[Site "www.playchess.de"]
[Date "2001.02.03"]
[Round "5"]
[White "Spiridonas"]
[Black "CJL"]
[WhiteElo "1610"]
[BlackElo "1200"]
[PlyCount "37"]
[Result "1/2-1/2"]

1.e4 c5 2.Nf3 e6 3.c3 d5 4.exd5 Qxd5 5.c4 Qd8 
6.Nc3 Nc6 7.d3 Nf6 8.Bf4 Bd6 9.Bg5 O-O 10.Be2 Bd7 
11.Qd2 Ne5 12.Bxf6 Qxf6 13.Ne4 Qe7 14.Nxd6 Qxd6 
15.O-O Nxf3+ 16.Bxf3 Bc6 17.Qe3 Rad8 18.Bxc6 Qxc6 
19.a3 1/2-1/2

[Event "HCL-B084"]
[Site "www.playchess.de"]
[Date "2001.02.03"]
[Round "6"]
[White "Mathemagician"]
[Black "Spiridonas"]
[WhiteElo "1400"]
[BlackElo "1610"]
[PlyCount "43"]
[Result "1-0"]

1.e4 b6 2.d4 Bb7 3.Nc3 g6 4.Nf3 Bg7 5.Bc4 d6 6.O-O 
Nd7 7.Bxf7+ Kxf7 8.Ng5+ Ke8 9.Ne6 Qc8 10.Nb5 Kf7 
11.Nbxc7 Bxe4 12.Ng5+ Kf8 13.Nce6+ Ke8 14.Nxg7+ 
Kf8 15.N7e6+ Ke8 16.Nxe4 Ndf6 17.Nxf6+ Nxf6 18.Qe2 
d5 19.Bf4 Kf7 20.Ng5+ Kg7 21.Qxe7+ Kh6 
22.Ne4+ 1-0

[Event "HCL-A038"]
[Site "www.playchess.de"]
[Date "2001.02.04"]
[Round "3"]
[White "Lydeking"]
[Black "Felix"]
[WhiteElo "1700"]
[BlackElo "1518"]
[PlyCount "45"]
[Result "1-0"]

1.e4 c5 2.Nf3 d6 3.d4 cxd4 4.Nxd4 Nf6 5.Nc3 g6 
6.Be3 Bg7 7.f3 O-O 8.Qd2 Nc6 9.O-O-O Nxd4 10.Bxd4 
Be6 11.Kb1 Qc7 12.h4 Rfc8 13.h5 Qa5 14.hxg6 hxg6 
15.a3 Bc4 16.Rh3 b5 17.Bxc4 bxc4 18.Rdh1 Rab8 
19.Kc1 Rb7 20.g4 Rcb8 21.Qh2 Nh5 22.Bxg7 Kxg7 
23.gxh5 1-0

[Event "HCL-A038"]
[Site "www.playchess.de"]
[Date "2001.02.04"]
[Round "17"]
[White "Lydeking"]
[Black "Dany"]
[WhiteElo "1700"]
[BlackElo "1700"]
[PlyCount "35"]
[Result "1/2-1/2"]

1.e4 d6 2.d4 Nf6 3.Nc3 g6 4.f4 Bg7 5.Nf3 O-O 6.Bd3 
Bg4 7.O-O Nc6 8.e5 Bxf3 9.Rxf3 Nxd4 10.exf6 Nxf3+ 
11.Qxf3 Bxf6 12.Qxb7 Bxc3 13.bxc3 Qb8 14.Rb1 Qxb7 
15.Rxb7 Rab8 16.Rxb8 Rxb8 17.Kf2 c5 
18.Bc4 1/2-1/2

[Event "HCL-A038"]
[Site "www.playchess.de"]
[Date "2001.02.04"]
[Round "23"]
[White "Mr_Arnaud"]
[Black "Lydeking"]
[WhiteElo "1700"]
[BlackElo "1700"]
[PlyCount "47"]
[Result "1/2-1/2"]

1.c4 c5 2.Nc3 Nf6 3.g3 d5 4.cxd5 Nxd5 5.Bg2 Be6 
6.d3 Nc6 7.Nf3 g6 8.Ng5 Nxc3 9.bxc3 Bd7 10.Qb3 e6 
11.O-O Na5 12.Qc2 Bc6 13.Ne4 Bg7 14.Bg5 f6 15.Be3 
b6 16.d4 c4 17.Bc1 Kf7 18.Ba3 Bf8 19.Bxf8 Rxf8 
20.f4 h6 21.Bh3 f5 22.Nf2 Nb7 23.e4 Kg7 
24.Qe2 1/2-1/2